| 000 -CABECERA |
| fixed length control field |
00962nam a22002537a 4500 |
| 003 - IDENTIFICADOR DEL NÚMERO DE CONTROL |
| control field |
AR-CdUCM |
| 008 - DATOS DE LONGITUD FIJA--INFORMACIÓN GENERAL |
| fixed length control field |
190311b ||||| |||| 00| 0 spa d |
| 040 ## - FUENTE DE LA CATALOGACIÓN |
| Agencia/entidad que catalogó originalmente la obra |
MUNICIPALIDAD PROVINCIAL DEL CUSCO |
| Entidad que transcribió la catalogación |
BIBLIOTECA MUNICIPAL DEL CUSCO |
| 082 ## - NÚMERO DE LA CLASIFICACIÓN DECIMAL DEWEY |
| No. de Clasificación |
338.54 / |
| Notacion interna |
F56 |
| 100 ## - ENTRADA PRINCIPAL--NOMBRE DE PERSONA |
| Nombre Personal |
Flamant, Maurice |
| 245 ## - MENCIÓN DE TÍTULO |
| Título |
Crisis y recesiones económicas / |
| 260 ## - PUBLICACIÓN, DISTRIBUCIÓN, ETC. |
| Lugar de publicación, distribución, etc. |
Barcelona : |
| Nombre de la editorial, distribuidor, etc. |
Oikos-Tau, |
| Fecha de publicación, distribución, etc. |
1971. |
| 300 ## - DESCRIPCIÓN FÍSICA |
| Nº de Páginas Extensión |
126 páginas ; |
| Otros detalles físicos |
figuras, |
| Dimensiones |
17 cm. |
| 440 ## - MENCIÓN DE SERIE/PUNTO DE ACCESO ADICIONAL--TÍTULO |
| Título |
Colección ¿qué sé?. |
| Número de la parte/sección de una obra |
38 |
| 9 (RLIN) |
14367 |
| 505 ## - NOTA DE CONTENIDO CON FORMATO |
| Nota de contenido formateada |
Contenido: Las crisis en el siglo XIX (1815-1914) -- El período de entreguerras (1919-38) y la gran depresión -- Crecimiento y recesiones en la época contemporánea (1945-70). |
| 650 ## - PUNTO DE ACCESO ADICIONAL DE MATERIA--TÉRMINO DE MATERIA |
| Descriptor |
Ciclos económicos |
| 9 (RLIN) |
8438 |
| 650 ## - PUNTO DE ACCESO ADICIONAL DE MATERIA--TÉRMINO DE MATERIA |
| Descriptor |
Siglo XIX |
| 9 (RLIN) |
971 |
| 650 ## - PUNTO DE ACCESO ADICIONAL DE MATERIA--TÉRMINO DE MATERIA |
| Descriptor |
Estados Unidos |
| 9 (RLIN) |
1805 |
| 700 ## - PUNTO DE ACCESO ADICIONAL--NOMBRE DE PERSONA |
| Nombre Personal |
Singer-Kerel, Jeanne (coautor) |
| 9 (RLIN) |
14368 |
| 700 ## - PUNTO DE ACCESO ADICIONAL--NOMBRE DE PERSONA |
| Nombre Personal |
Rubió, F. Minguella (traducción) |
| 9 (RLIN) |
14369 |
| 942 ## - ELEMENTOS DE PUNTO DE ACCESO ADICIONAL (KOHA) |
| Fuente de clasificación |
|
| Tipo de item |
Libros-BMC |
| 945 ## - PROCESAMIENTO DE INFORMACIÓN LOCAL (OCLC) |
| Catalogador |
achl |